书目信息 |
| 书名: | the Heritage of World Civilizations | |
| 作者: | Albert M.Craig ect. | |
| 分册号: | ||
| 分册名: | 出版地: | New York : |
|
| 出版社: | Macmillan Pub.Co | |
| 出版时间: | 1986. | |
| 页数: | 495 p. ; | |
| 开本: | 29cm. | |
| 丛书名: | ||
| 中图分类号: | ||
| 科图分类号: | ||
| 其他分类号: | G119 | |
| 主题词: | ||
| 电子资源: | ||
| 000 | 00435nam 2200157 a 4500 | |
| 001 | E0137737619 | |
| 005 | 2001120310285754 | |
| 008 | 011203s1986 00010 eng | |
| 020 | @a0-02-325492-0 :@cRMB 12.00. | |
| 040 | @aPFT@beng | |
| 090 | @aG119 | |
| 099 | @dG119@eC886 | |
| 245 | @athe Heritage of World Civilizations / @cAlbert M.Craig ect. | |
| 250 | @a2nd.ed. | |
| 260 | @aNew York :@bMacmillan Pub.Co.,@c1986. | |
| 300 | @a495 p. ;@c29cm. | |
| the Heritage of World Civilizations / / Albert M.Craig ect.-2nd.ed.-New York : : Macmillan Pub.Co., , 1986. |
| 495 p. ; ; 29cm. |
| ISBN 0-02-325492-0 :RMB 12.00. |
| ● |
| 相关链接 |
|
|
|
正题名:the Heritage of World Civilizations
索取号:G119/C886
 
预约/预借
| 序号 | 登录号 | 条形码 | 馆藏地/架位号 | 状态 | 备注 |
| 1 | 0426 | 300004260 | 社科库409/409社科库 119排1列2层/ [索取号:G119/C886] | 在馆 |